Most expensive football transfers - Goalkeepers - 2015-2016 Season - Statistics

General Stats
  • This quiz has been taken 18 times
  • The average score is 6 of 12
Answer Stats
Fee (M €) Nationality Left Joined Player % Correct
14,00 Czech Republic Chelsea Arsenal Petr Cech
100%
9,50 Germany Eintracht Frankfurt Paris SG Kevin Trapp
88%
3,50 Germany VfB Stuttgart Bayern Munich Sven Ulreich
76%
11,00 Bosnia and Herzegovina / Canada Stoke City Chelsea Asmir Begovic
71%
3,50 Switzerland SC Freiburg Borussia Dortmund Roman Bürki
65%
7,00 Australia Club Brugge Valencia Mathew Ryan
53%
6,00 Spain Espanyol Real Madrid Kiko Casilla
47%
3,50 Australia Borussia Dortmund VfB Stuttgart Mitchell Langerak
29%
4,90 England QPR Crystal Palace Alex McCarthy
12%
7,05 China HZ Greentown JS Suning Chao Gu
6%
6,70 China GZ R&F Guangzhou Evergrande Dianzuo Liu
6%
9,80 China Liaoning FC TJ Quanjian Lu Zhang
6%
No matching quizzes found
Score Distribution
Percent of People with Each Score
Percentile by Number Answered
Your Score History
You have not taken this quiz